00770nam a2200193Ia 4500008004100000020001500041040001800056041000800074100002800082245009600110260005100206300004800257504005300305650004000358650002300398650004600421650005400467651005500521130821s2001 sp aob gr spa  a8474915996 aCo-BoUCMbspa00aspa1 aAlonso Pascual, Rogelio10aIrlanda del Norte una historia de guerra y la búsqueda de la pazcRogelio Alonso Pascual aMadrid (España)bEditorial Complutensec2001 axxviii, 456 páginasbmapas, fotografías aIncluye referencias bibliográficas e índice.04aGuerrazIrlanda del NorteySiglo XX04aHistoria de Europa04aNacionalismozIrlanda del NorteySiglo XX04aViolencia políticazIrlanda del NorteySiglo XX 4aIrlanda del NortexPolítica y gobiernoySiglo XX